| 000 | 00890nam a22002897a 4500 | ||
|---|---|---|---|
| 001 | 00098 | ||
| 003 | DO-SdBPM | ||
| 005 | 20250527111458.0 | ||
| 007 | 00098 | ||
| 008 | 160316b1991 mx || |||| 00| 0 spa d | ||
| 020 | _a9684035454 | ||
| 040 |
_aDO-SdBPM _bspa _cBPMSU |
||
| 082 | 4 |
_a155.4 _bM438p 1998 _222 |
|
| 092 |
_axxxxxxxx _bxxxxxxxx |
||
| 100 | 1 | 0 | _aMatthews, Andrew |
| 245 | 1 | 0 |
_aPor favor, sea felíz / _cAndrew Matthews : traducción Manuel Brito |
| 260 |
_aMéxico : _bSelector, _c1998 _g |
||
| 300 |
_a175 p. : _bil., ; _c19 cm. |
||
| 500 | _3Disfrute del primer manual de la alegría | ||
| 590 | _aInventariado, 2025/VM | ||
| 650 | 4 | _aAptitud creadora en niños | |
| 650 | 4 |
_aDesarrollo infantil _xAspectos psicológicos |
|
| 650 | 4 | _aPsicología infantil | |
| 700 | 1 |
_aBrito, Manuel, _etraductor |
|
| 910 | _aVMateo V. Control de calidad. BPMSU | ||
| 942 |
_2ddc _cBK |
||
| 999 |
_c9267 _d9267 |
||